000 00852nam a2200169Ia 4500
008 090711s9999 xx 000 0 und d
082 _b533
100 _aगोखले गो. सी. / बेलसरे ब्र. वि. (संपा.)
245 _aश्री गोंदवलेकर महाराज यांSाी प्रवSाने
260 _c1994
300 _a374
600 _aगोखले गो. सी. / बेलसरे ब्र. वि. (संपा.)
630 _aश्री गोंदवलेकर महाराज यांSाी प्रवSाने
700 _aगोखले गो. सी. / बेलसरे ब्र. वि. (संपा.)
730 _aश्री गोंदवलेकर महाराज यांSाी प्रवSाने
942 _cBOOK
999 _c324030
_d324030